Elements of the theory of functions and functional analysis /

Guardado en:
Autor Principal: Kolmogorov, A. N. 1903-1987.
Otros Autores: Fomin, S. V.
Formato: Libro
Idioma:English
Russian
Publicado: Rochester, N.Y. : Graylock Press, 1957-
Materias:
Etiquetas: Agregar Etiqueta
Sin Etiquetas, Sea el primero en etiquetar este registro!
LEADER 01091cam a22002531a 4500
001 MAT.inmabb005464
008 840703m19579999nyua##########000#0#eng##
005 20180611164227.0
245 1 0 |a Elements of the theory of functions and functional analysis /  |c by A.N. Kolmogorov and S.V. Fomin. Translated from the 1st Russian ed. by Leo F. Boron. 
260 |a Rochester, N.Y. :  |b Graylock Press,  |c 1957- 
300 |a v. :  |b il. ;  |c 24 cm. 
500 |a Vol. 2, translated by Hyman Kamel and Horace Komm, published in Albany. 
505 1 |a v. 1. Metric and normed spaces -- v. 2. Measure. The Lebesgue integral. Hilbert space. 
510 4 |a MR,  |c 19,44d 
100 1 |a Kolmogorov, A. N.  |q (Andrei Nikolaevich),  |d 1903-1987. 
240 1 0 |a Elementy teorii funktsii i funktsional'nogo analiza.  |l Inglés 
700 1 |a Fomin, S. V.  |q (Sergei Vasil'evich) 
650 0 |a Functions of real variables. 
650 0 |a Functional analysis. 
084 |a 46-01 (28-01 47-01)  |2 msc2000 
010 |a  57004134  
040 |a DLC/ICU  |c ICU  |d DLC 
041 1 |a eng  |h rus 
859 |h 46  |i K81i  |p A-2089  |v 1  |3 Vol. 1  |b BIB. MATEMATICA